Great women leaders / (Record no. 142)

000 -LEADER
fixed length control field 01123cam a22003018a 4500
001 - CONTROL NUMBER
control field 16919634
003 - CONTROL NUMBER IDENTIFIER
control field OSt
005 - DATE AND TIME OF LATEST TRANSACTION
control field 20140116120819.0
008 - FIXED-LENGTH DATA ELEMENTS--GENERAL INFORMATION
fixed length control field 110815s2012 nyu j b 001 0ceng
010 ## - LIBRARY OF CONGRESS CONTROL NUMBER
LC control number 2011033321
020 ## - INTERNATIONAL STANDARD BOOK NUMBER
International Standard Book Number 9781896764818
040 ## - CATALOGING SOURCE
Original cataloging agency DLC
Transcribing agency DLC
042 ## - AUTHENTICATION CODE
Authentication code pcc
050 00 - LIBRARY OF CONGRESS CALL NUMBER
Classification number HQ1123.B35 2004
100 1# - MAIN ENTRY--PERSONAL NAME
Personal name Ball, Heather,
Dates associated with a name 1978-
245 10 - TITLE STATEMENT
Title Great women leaders /
Statement of responsibility, etc Heather Ball.
260 ## - PUBLICATION, DISTRIBUTION, ETC. (IMPRINT)
Place of publication, distribution, etc New York :
Name of publisher, distributor, etc Second Story Press,
Date of publication, distribution, etc 2004.
300 ## - PHYSICAL DESCRIPTION
Extent 100 p.
490 0# - SERIES STATEMENT
Series statement The Women's hall of Fame series
504 ## - BIBLIOGRAPHY, ETC. NOTE
Bibliography, etc Includes bibliographical references and index.
505 0# - FORMATTED CONTENTS NOTE
Formatted contents note Hatshepsut -- Elizabeth Cady Stanton -- Mary Ann Shadd Cary -- Emily Murphy -- Thérèse Forget Casgrain -- Golda Meir -- Rosa Parks -- Wangari Maathai -- Aung San Suu Kyi -- Roberta Jamieson -- Shirin Ebadi.
650 #0 - SUBJECT ADDED ENTRY--TOPICAL TERM
Topical term or geographic name as entry element Women
Form subdivision Biography
-- Juvenile literature.
650 #0 - SUBJECT ADDED ENTRY--TOPICAL TERM
Topical term or geographic name as entry element Leadership in women
Form subdivision Juvenile literature.
700 1# - ADDED ENTRY--PERSONAL NAME
Personal name Ball, Heather,
Dates associated with a name 1978-
Title of a work Great women leaders.
906 ## - LOCAL DATA ELEMENT F, LDF (RLIN)
a 7
b cbc
c orignew
d 1
e ecip
f 20
g y-gencatlg
942 ## - ADDED ENTRY ELEMENTS (KOHA)
Source of classification or shelving scheme
Koha item type Book
Holdings
Withdrawn status Lost status Source of classification or shelving scheme Damaged status Not for loan Home library Current library Date acquired Total Checkouts Full call number Barcode Date last seen Date checked out Copy number Price effective from Koha item type
          Riara University Library Riara University Library 10/10/2011 3 HQ1123.B35 2004 2490/11 28/11/2019 12/09/2019 C.1 10/10/2011 Book
          Riara University Library Riara University Library 10/10/2011 8 HQ1123.B35 2004 2488/11 24/06/2017 16/06/2017 C.2 10/10/2011 Book
          Riara University Library Riara University Library 10/10/2011 1 HQ1123.B35 2004 2489/11 24/07/2014 10/07/2014 C.3 10/10/2011 Book

Riara University Library,
P.O. Box 49940-00100,
Nairobi, Kenya.